The Slavic History as a Remedy for the Contemporary Disasters
| Titel: | The Slavic History as a Remedy for the Contemporary Disasters : The Project of the Study by Wawrzyniec Surowiecki - An Outline of the Question |
|---|---|
| Verfasser: | |
| In: |
Notions of the self, (2012), Seite 85-96 alle Artikel anzeigen |
| Veröffentlicht: | 2012 |
| Format: | Aufsatz |
| Sprache: | Englisch |
X
alg: 39267981
001A $01999:11-11-16
001B $01999:21-05-21 $t16:54:02.000
001D $01999:11-11-16
001U $0utf8
001X $00
002@ $0Aox
003@ $0392679817
007A $0392679817 $aHEB
007T $0Herdc0097941m
010@ $aeng
011@ $a2012
021A $aThe @Slavic History as a Remedy for the Contemporary Disasters $dThe Project of the Study by Wawrzyniec Surowiecki - An Outline of the Question
028A $aMichalski $dMaciej
031A $h85-96 $j2012
039B $aIn $8--Aau--. Notions of the self. - Zielona Góra {[u.a.] : Uniw. Zielonogórski {[u.a.], 2012. - 197 S.. - Ill.. - ISBN 978-83-7842-018-7 $x201200000000000915 $9313453519
045F $a370.9438 $eDDC23BSB
045F/01 $a370.9
045F/03 $g438
lok: 39267981 78
exp: 39267981 78 1 #EPN
201B/01 $026-08-21 $t22:44:38.000
201U/01 $0utf8
203@/01 $0788779168
208@/01 $a11-11-16 $be
209A/01 $a/ $f000 $x00
220C/01 $aTitelaufnehmer: pg
220C/01 $aHerkunft: HI Marburg
220C/01 $aAnmerkung: *NG
244Z/01 $2Trx $#Poola $#Lenkija $#Polija $#Polen Land $#Poland $#Lengyelország $#Poľsko $#Polsko $8--Trx--Polska$gkraj $x01 $9391345966
244Z/01 $aGeschichte 1700-1830 $x02
244Z/01 $#Surowiecki, Laurentius $#Surowiecki, Lorenz $7117381640 $8--Tp1--Surowiecki, Wawrzyniec$Z1769-1827 $x03 $9151177910
244Z/01 $2Trx $#historiograafia üldine $#istoriografija bendras $#Historiography $#történetírás általános $#historiografia ogólnie $#historiografia všeobecne $#historiografie všeobecně $#Geschichtsschreibung $#dejepis $8--Trx--Historiographie$gallgemein $x04 $9391362593
244Z/01 $2Trx $#slaavlased $#slavai $#Slavs $#szlávok $#Słowianie $#Slovania $#Slované $#Wenden $#Slaven $#Slovinci,Vindi $8--Trx--Slawen $x05 $9391383647
244Z/01 $2Trx $8--Trx--Einzelbeiträge $x06 $9391384570
245Z/01 $a11.05 $x01
247C/01 $82080>Marburg/Lahn, Herder-Institut, Forschungsbibliothek, Bibliographieportal $9336309341
| LEADER | 00000caa a22000002c 4500 | ||
|---|---|---|---|
| 001 | 392679817 | ||
| 003 | DE-603 | ||
| 005 | 20210521165402.0 | ||
| 007 | tu | ||
| 008 | 161111s2012 xx |||| | u00||u|eng c | ||
| 035 | |a (DE-599)HEB392679817 | ||
| 040 | |a DE-603 |b ger |c DE-603 |d DE-603 | ||
| 041 | |a eng | ||
| 082 | 0 | 4 | |8 1\u |a 370.9438 |q DE-101 |2 23/BSB |
| 085 | |8 1\u |b 370.9 | ||
| 085 | |8 1\u |z 2 |s 438 | ||
| 100 | 1 | |a Michalski, Maciej | |
| 245 | 0 | 0 | |a The Slavic History as a Remedy for the Contemporary Disasters |b The Project of the Study by Wawrzyniec Surowiecki - An Outline of the Question |
| 264 | 0 | |c 2012 | |
| 773 | 0 | 8 | |i In |t Notions of the self |d Zielona Góra [u.a.] : Uniw. Zielonogórski [u.a.], 2012 |h 197 S., Ill. |z 9788378420187 |g (2012), Seite 85-96 |w (DE-603)313453519 |
| 924 | 0 | |9 2080 |a (DE-603)788779168 |b DE-2080 |c HES |d d |g / | |


